Every Teams Single Season Receiving Yard Leader - Statistics

General Stats
  • This quiz has been taken 21 times
    15 since last reset
  • The average score is 26 of 32
Answer Stats
Hint Year/Player Answer % Correct
Eagles 2022/1,496 A.J. Brown
100%
Steelers 2015/1,834 Antonio Brown
100%
Lions 2012/1,964 Calvin Johnson
100%
Rams 2021/1,947 Cooper Kupp
100%
Raiders 2022/1,516 Davante Adams
100%
Packers 2021/1,553 Davante Adams
100%
Bengals 2021/1,455 Ja'Marr Chase
100%
Falcons 2015/1,871 Julio Jones
100%
Vikings 2022/1,809 Justin Jefferson
100%
Buccaneers 2018/1,524 Mike Evans
100%
Bills 2020/1,535 Stefon Diggs
100%
Dolphins 2022/1,710 Tyreek Hill
100%
Chiefs 2018/1,479 Tyreek Hill
100%
Texans 2012/1,598 Andre Johnson
92%
Seahawks 2020/1,303 DK Metcalf
92%
49ers 1995/1,848 Jerry Rice
92%
Saints 2019/1,725 Michael Thomas
92%
Panthers 2005/1,563 Steve Smith
92%
Broncos 2014/1,619 Demaryius Thomas
85%
Browns 2013/1,646 Josh Gordon
85%
Colts 2002/1,722 Marvin Harrison
85%
Jets 2015/1,502 Brandon Marshall
77%
Bears 2012/1,508 Brandon Marshall
77%
Jags 1999/1,636 Jimmy Smith
77%
Ravens 2021/1,361 Mark Andrews
77%
Patriots 2011/1,569 Wes Welker
77%
Cowboys 1995/1,603 Michael Irvin
69%
Giants 2011/1,536 Victor Cruz
69%
Cardinals 2001/1,598 David Boston
31%
Chargers 1965/1,602 Lance Alworth
31%
Titans 2003/1,303 Derrick Mason
8%
Commanders 2005/1,483 Santana Moss
8%
No matching quizzes found
Score Distribution
Percent of People with Each Score
Percentile by Number Answered
Your Score History
You have not taken this quiz since the last reset